Bears Players With 1000 Scrimmage Yards - Statistics

General Stats
  • This quiz has been taken 12 times
  • The average score is 42 of 75
Answer Stats
Position (Year) Yards Player % Correct
RB (1977) 2,121 Walter Payton
100%
RB (1984) 2,052 Walter Payton
100%
RB (1985) 2,034 Walter Payton
100%
RB (1983) 2,028 Walter Payton
100%
RB (1979) 1,923 Walter Payton
100%
RB (1978) 1,875 Walter Payton
100%
RB (1980) 1,827 Walter Payton
100%
RB (1986) 1,715 Walter Payton
100%
RB (1981) 1,601 Walter Payton
100%
RB (1976) 1,539 Walter Payton
100%
WR (2023) 1,385 DJ Moore
91%
WR (2024) 1,041 DJ Moore
91%
WR (2012) 1,506 Brandon Marshall
82%
WR (2013) 1,295 Brandon Marshall
82%
RB (2013) 1,933 Matt Forte
82%
RB (2014) 1,846 Matt Forte
82%
RB (2008) 1,715 Matt Forte
82%
RB (2010) 1,616 Matt Forte
82%
RB (2011) 1,487 Matt Forte
82%
RB (2012) 1,434 Matt Forte
82%
RB (2009) 1,400 Matt Forte
82%
RB (2015) 1,287 Matt Forte
82%
RB (2024) 1,345 D'Andre Swift
73%
RB (2020) 1,508 David Montgomery
73%
RB (2021) 1,150 David Montgomery
73%
RB (2022) 1,117 David Montgomery
73%
RB (2019) 1,074 David Montgomery
73%
HB (1966) 1,678 Gale Sayers
73%
HB (1965) 1,374 Gale Sayers
73%
RB (1969) 1,148 Gale Sayers
73%
HB (1967) 1,006 Gale Sayers
73%
QB (2022) 1,143 Justin Fields
73%
WR (2020) 1,249 Allen Robinson
64%
WR (2019) 1,149 Allen Robinson
64%
WR (2013) 1,526 Alshon Jeffery
64%
WR (2014) 1,166 Alshon Jeffery
64%
WR (2021) 1,087 Darnell Mooney
64%
RB (2000) 1,411 James Allen
64%
RB (2016) 1,611 Jordan Howard
64%
RB (2017) 1,247 Jordan Howard
64%
RB (2018) 1,080 Jordan Howard
64%
WR (1999) 1,400 Marcus Robinson
64%
RB (2018) 1,169 Tarik Cohen
64%
RB (2005) 1,478 Thomas Jones
64%
RB (2004) 1,375 Thomas Jones
64%
RB (2006) 1,364 Thomas Jones
64%
RB (2001) 1,361 Anthony Thomas
55%
RB (2003) 1,060 Anthony Thomas
55%
TE (1961) 1,076 Mike Ditka
45%
RB (1989) 1,709 Neal Anderson
36%
RB (1990) 1,562 Neal Anderson
36%
RB (1988) 1,477 Neal Anderson
36%
RB (1991) 1,115 Neal Anderson
36%
FB (1987) 1,053 Neal Anderson
36%
RB (1997) 1,148 Raymont Harris
27%
RB (1996) 1,044 Raymont Harris
27%
WR (1995) 1,114 Curtis Conway
18%
WR (1996) 1,099 Curtis Conway
18%
WR (1995) 1,301 Jeff Graham
18%
FL (1964) 1,200 Johnny Morris
18%
WR (2002) 1,189 Marty Booker
18%
WR (2001) 1,079 Marty Booker
18%
LE (1956) 1,152 Harlon Hill
9%
LE (1954) 1,124 Harlon Hill
9%
FB (1983) 1,110 Matt Suhey
9%
RB (1995) 1,130 Rashaan Salaam
9%
FB (1956) 1,329 Rick Casares
9%
LH (1934) 1,178 Beattie Feathers
0%
FB (1990) 1,116 Brad Muster
0%
RB (1999) 1,256 Curtis Enis
0%
WR (1970) 1,043 Dick Gordon
0%
LH (1943) 1,091 Harry Clarke
0%
RB (1994) 1,121 Lewis Tillman
0%
FB (1978) 1,332 Roland Harper
0%
HB (1961) 1,209 Willie Galimore
0%
No matching quizzes found
Score Distribution
Percent of People with Each Score
Percentile by Number Answered
Your Score History
You have not taken this quiz